Handbook of evaluation research /

Bibliographic Details
Other Authors: Struening, Elmer L. (Elmer Louis), 1924-, Guttentag, Marcia
Format: Book
Language:English
Published: Beverly Hills, Calif. : Sage Publications, [1975]
Subjects:

MARC

Tag First Indicator Second Indicator Subfields
LEADER 00000cam a2200000 i 4500
001 in00000082846
005 20151008054239.0
008 760114s1975 caua b 00100 eng
010 |a  74015764  
020 |a 0803904282 
035 |a (OCoLC)01879275 
035 |9 AAJ0086AM 
040 |a DLC  |c DLC  |d MQM  |d MCL  |d CLU  |d KUM  |d m.c.  |d TXA  |d UtOrBLW 
049 |a TXAM  |c 1  |v 1 [1374548]  |v 2 [1138717]  |c 2  |v 1 [1329203]  |v 2 [1329204] 
050 0 0 |a H62  |b .H2454 
060 0 |a H 62 H236 1975 
082 0 |a 300/.7/2 
245 0 0 |a Handbook of evaluation research /  |c edited by Elmer L. Struening and Marcia Guttentag. 
264 1 |a Beverly Hills, Calif. :  |b Sage Publications,  |c [1975] 
264 4 |c ©1975 
300 |a 2 volumes :  |b illustrations ;  |c 25 cm. 
336 |a text  |b txt  |2 rdacontent 
337 |a unmediated  |b n  |2 rdamedia 
338 |a volume  |b nc  |2 rdacarrier 
504 |a Includes bibliographies and indexes. 
650 0 |a Evaluation research (Social action programs) 
650 0 |a Social sciences  |x Methodology. 
650 0 |a Social sciences  |x Research. 
650 2 |a Social Sciences  |x standards  |x Essays. 
650 2 |a Psychology, Social  |x methods  |x essays. 
650 2 |a Research  |x essays. 
650 2 |a Social Sciences  |x methods  |x essays. 
700 1 |a Struening, Elmer L.  |q (Elmer Louis),  |d 1924- 
700 1 |a Guttentag, Marcia. 
999 |a MARS 
999 f f |s 03181c77-36b5-38c8-8ed3-57ea20a8741d  |i 4c0ae72f-39a0-3a52-bac2-63bd67128866  |t 0 
952 f f |p ric  |a Texas A&M University  |b Rellis Campus  |c Joint Library Facility  |d Remote Storage  |t 0  |e H62 .H2454  |h Library of Congress classification  |i unmediated -- volume  |k v.1  |m A14807559578 
952 f f |p ric  |a Texas A&M University  |b Rellis Campus  |c Joint Library Facility  |d Remote Storage  |t 0  |e H62 .H2454  |h Library of Congress classification  |i unmediated -- volume  |k v.2  |m A14802513268 
998 f f |a H62 .H2454  |s v.1-v.2  |t 0  |l Remote Storage